Années par image - #3 - Statistiques

Statistiques générales
  • Ce quiz a été pris 6 948 fois
  • Le résultat moyen est 7 sur 15
Statistiques - réponses
Par images Réponse % Correct
2018
98%
1945
84%
1929
55%
800
55%
1958
48%
1933
45%
2011
45%
1986
43%
1989
43%
1968
38%
1830
35%
1979
32%
1776
28%
2000
26%
1572
18%
Aucun quiz correspondant
Distribution des résultats
% des personnes avec chaque résultat
Percentile par nombre de réponses
Votre historique - résultats
Vous n’avez pas pris ce quiz